000 01293cam a2200133 4500500
005 20260405052328.0
041 _afre
042 _adc
100 1 0 _aPaganini, Gianni
_eauthor
245 0 0 _aLes philosophies clandestines à l'âge classique
260 _bPresses Universitaires de France,
_c2005.
520 _aLe manuscrit clandestin représente un genre très particulier de la communication philosophique et quelques 200 textes ont été répertoriés représentant environ 2000 copies datant de la fin du XVIIe siècle et du XVIIIe siècle. Le Theophrastus redivivus de 1659 fixe le modèle du traité philosophique clandestin: anonymat total, critique rationaliste de la religion et de la philosophie… Ces «traités» traversent toute une époque de transformations culturelles variées, ils sont marqués par le septicisme de Montaigne et de Bayle, le rationalisme de Descartes et Malebranche et autres influences philosophiques antérieures, tout en essayant des voies nouvelles, en mélangeant des parcours philosophiques souvent hétéroclites à la recherche d’une vérité cachée, d’une histoire à lire «entre les lignes».
856 4 1 _uhttps://shs.cairn.info/les-philosophies-clandestines-a-l-age-classique--9782130541813?lang=fr&redirect-ssocas=7080
999 _c2184447
_d2184447